|
|
|
|
| LEADER |
00000cam a2200000 7i4500 |
| 001 |
0000134708 |
| 005 |
20090903.0 |
| 020 |
|
|
|a 9789814193127
|
| 090 |
0 |
0 |
|a JF
|b LEE
|
| 100 |
1 |
|
|a Lee, James
|
| 245 |
1 |
4 |
|a The people gobblers and the revenge of mahima's monster
|c James Lee
|
| 260 |
|
|
|a Singapore :
|b Angsana Books ,
|c 2008
|
| 300 |
|
|
|a 126p. ;
|c 20cm.
|
| 490 |
0 |
|
|a Mr Midnight
|
| 650 |
0 |
0 |
|a Children's stories
|
| 999 |
|
|
|a 00227627
|b BUKU
|c PINJAMAN
|e PERPUSTAKAAN KOMUNITI PETALING JAYA
|
| 999 |
|
|
|a 00227628
|b BUKU
|c PINJAMAN
|e PERPUSTAKAAN KOMUNITI PETALING JAYA
|
| 999 |
|
|
|a 00303516
|b BUKU
|c PINJAMAN
|e PERPUSTAKAAN KOMUNITI PETALING JAYA
|